000 00905nam a22002177a 4500
001 113617
003 DR-UNIBE
005 20260306062556.0
008 250513b2010 mx ||||| |||| 00| 0 spa d
040 _aBIBLIOTECA UNIBE
_cBIBLIOTECA UNIBE
_erda
041 _aspa
082 _a342.9725 M611
110 2 _aMéxico.
_bSuprema Corte de Justicia de la Nación
245 1 0 _aXV Aniversario de la Consolidación de la Suprema Corte de Justicia de la Nación como Tribunal Constitucional de México :
_b 15 años 9a época (1995-2010)
260 _aMéxico :
_bSuprema Corte de Justicia de la Nación,
_c2010
300 _aviii, 49 páginas :
_bilustraciones
700 _aOrtíz Mayagoitia, Guillermo Iberio,
_d1941-
_eprologuista
_9195018
700 _aValls Hernández, Sergio Armando,
_d1941-
_eprologuista
_9194223
700 1 _aSaldivar Lelo de Larrea, Arturo
_eprologuista
_9195301
942 _2ddc
_cBK
999 _c113617
_d113617